MARC details
| 000 -LEADER |
| fixed length control field |
02377nam a22003497a 4500 |
| 001 - CONTROL NUMBER |
| control field |
101759 |
| 003 - CONTROL NUMBER IDENTIFIER |
| control field |
KnowledgeUnlatched |
| 005 - DATE AND TIME OF LATEST TRANSACTION |
| control field |
20210303105134.0 |
| 006 - FIXED-LENGTH DATA ELEMENTS--ADDITIONAL MATERIAL CHARACTERISTICS |
| fixed length control field |
m o d |
| 007 - PHYSICAL DESCRIPTION FIXED FIELD--GENERAL INFORMATION |
| fixed length control field |
cr u|||||||||| |
| 008 - FIXED-LENGTH DATA ELEMENTS--GENERAL INFORMATION |
| fixed length control field |
210129p20172019xx o u00| u ger d |
| 037 ## - SOURCE OF ACQUISITION |
| Institution to which field applies |
BiblioBoard |
| 020 ## - INTERNATIONAL STANDARD BOOK NUMBER |
| International Standard Book Number |
9783161555404 |
| 029 1# - OTHER SYSTEM CONTROL NUMBER (OCLC) |
| OCLC library identifier |
https://library.biblioboard.com/ext/api/media/1066c3d4-2703-41df-a66d-b025f5509f02/assets/thumbnail.jpg |
| 040 ## - CATALOGING SOURCE |
| Original cataloging agency |
ScCtBLL |
| Transcribing agency |
ScCtBLL |
| 245 00 - TITLE STATEMENT |
| Title |
Reformation und Säkularisierung |
| Remainder of title |
Zur Kontroverse um die Genese der Moderne aus dem Geist der Reformation / |
| Statement of responsibility, etc. |
Ingolf U. Dalferth. |
| 264 #1 - PRODUCTION, PUBLICATION, DISTRIBUTION, MANUFACTURE, AND COPYRIGHT NOTICE |
| Name of producer, publisher, distributor, manufacturer |
Mohr Siebeck, |
| 300 ## - PHYSICAL DESCRIPTION |
| Extent |
1 online resource (268 p.) |
| 506 0# - RESTRICTIONS ON ACCESS NOTE |
| Terms governing access |
Access copy available to the general public. |
| Standardized terminology for access restriction |
Unrestricted |
| Source of term |
star |
| 520 ## - SUMMARY, ETC. |
| Summary, etc. |
The Reformation was essentially a religious renewal of Christianity in Europe. As such, it has contributed decisively, along with the Renaissance and humanism, to the formation of a secular modernity. What exactly was this contribution and how is it to be assessed? Have Reformation movements destroyed the traditional unity of the church and the state, of society and culture, and in so doing instigated the marginalisation of Christianity in Europe? Or have they brought central impulses of Christianity to the fore, without which Western modernity could not developed, and which also characterise a society that understands itself as secular in a plural late modern era? The present volume attempts to shed light on these controversial questions. Criticisms levelled at reformed traditions by the secular modernism standpoint as well as those aimed at European modernity and late-modernity from the camp of reformed thinking are also given a voice. |
| 588 0# - SOURCE OF DESCRIPTION NOTE |
| Source of description note |
Description based on print version record. |
| 590 ## - LOCAL NOTE (RLIN) |
| Local note |
KU Open Services |
| 650 #7 - SUBJECT ADDED ENTRY--TOPICAL TERM |
| Topical term or geographic name entry element |
Religion / History |
| Source of heading or term |
bisacsh |
| 650 #0 - SUBJECT ADDED ENTRY--TOPICAL TERM |
| Topical term or geographic name entry element |
Religion |
| 655 #0 - INDEX TERM--GENRE/FORM |
| Genre/form data or focus term |
Electronic books. |
| 700 1# - ADDED ENTRY--PERSONAL NAME |
| Personal name |
Dalferth, Ingolf U. |
| Relator term |
editor. |
| 758 ## - |
| -- |
Is found in: |
| -- |
Knowledge Unlatched |
| -- |
https://openresearchlibrary.org/module/2774bc74-146a-484f-a7ba-ab1d6a09bbfb |
| 856 40 - ELECTRONIC LOCATION AND ACCESS |
| Uniform Resource Identifier |
<a href="https://openresearchlibrary.org/content/1066c3d4-2703-41df-a66d-b025f5509f02">https://openresearchlibrary.org/content/1066c3d4-2703-41df-a66d-b025f5509f02</a> |
| Public note |
View this content on Open Research Library. |
| -- |
0 |